000 00574nam a2200181 i 4500
001 104445
003 ES-MaACL
005 20230906183615.0
007 t|
008 051130s1932 sp ||||1| spa d
100 1 _aMille, Mateo.
_981192
245 1 4 _aLos titanes de la mar
_b: acciones navales de la Gran Guerra 1914-18 /
_cMateo Mille.
250 _a1ª ed.
260 _aBarcelona :
_bIberia,
_c1932 (
_fImpresos Costas)
300 _a116 p. con 32 lám. ;
_c27 cm.
650 0 4 _aGuerra mundial, 1914-1918-
_xOperaciones navales.
_913223
852 _aES-MaACL
_jA-1010
999 _c104445
_d104445